West Bengal fisheries manual. (Record no. 85288)

MARC details
000 -LEADER
fixed length control field 00718cam a22002531 4500
001 - CONTROL NUMBER
control field sa 68013718
003 - CONTROL NUMBER IDENTIFIER
control field DLC
005 - DATE AND TIME OF LATEST TRANSACTION
control field 20260227112624.0
008 - FIXED-LENGTH DATA ELEMENTS--GENERAL INFORMATION
fixed length control field 850618s1966 ii k 000 0 eng
010 ## - LIBRARY OF CONGRESS CONTROL NUMBER
LC control number sa 68013718
025 ## - OVERSEAS ACQUISITION NUMBER
Overseas acquisition number PL480:I-E-8379
035 ## - SYSTEM CONTROL NUMBER
System control number (OCoLC)12172178
040 ## - CATALOGING SOURCE
Original cataloging agency DLC
Transcribing agency HU
Modifying agency DLC
042 ## - AUTHENTICATION CODE
Authentication code premarc
043 ## - GEOGRAPHIC AREA CODE
Geographic area code a-ii---
050 00 - LIBRARY OF CONGRESS CALL NUMBER
Classification number SH300.W4
Item number A4
082 ## - DEWEY DECIMAL CLASSIFICATION NUMBER
Classification number 354.54/008/23
110 1# - MAIN ENTRY--CORPORATE NAME
Corporate name or jurisdiction name as entry element West Bengal (India).
Subordinate unit Fisheries Department.
245 10 - TITLE STATEMENT
Title West Bengal fisheries manual.
260 ## - PUBLICATION, DISTRIBUTION, ETC.
Place of publication, distribution, etc. Alipore,
Name of publisher, distributor, etc. Superintendent, Govt. Print., West Bengal Govt. Press,
Date of publication, distribution, etc. 1966.
300 ## - PHYSICAL DESCRIPTION
Extent ii, 79 p.
Other physical details forms.
Dimensions 24 cm.
500 ## - GENERAL NOTE
General note Cover title.
650 #0 - SUBJECT ADDED ENTRY--TOPICAL TERM
Topical term or geographic name entry element Fisheries
Geographic subdivision India
-- West Bengal.

No items available.

Powered by Koha